000 00601nam a2200193 4500
001 132501
003 ES-MaACL
005 20230906194205.0
007 t|
008 070214s1930 sp r ||||1| spa d
100 1 _aRomero Otazo, F.
_999422
245 1 0 _aSentido democrático de la doctrina política de Santo Tomás /
_cpor F. Romero Otazo.
260 _aMadrid :
_bPueyo,
_c1930.
300 _a222 p. ;
_c19 cm.
490 1 _aEstudios políticos, sociales y económicos
830 0 _aEstudios políticos, sociales y económicos
_9186367
852 _aES-MaACL
_jB-13620
999 _c132501
_d132501